000 00364cam a22001097a 4500
008 180718b1962 xxu||||| |||| 00| 0 eng d
082 _aX24x54 In2 1962
245 _aMemorandum on reduction in cost of major construction projects
_cBy Govt. of India
260 _aNew Delhi
_bGovt. of India
_c1962
300 _a32p.
650 _aReduction in cost of major construction
999 _c414578
_d414578